00681nam a2200229 a 4500001001300000003000900013005001700022008004100039020002300080082001300103100001200116245003900128260005300167300000900220500003500229650001700264700001200281902000800293942000700301952012600308999001700434nice12345678IN_TiNIC20260116014341.0100105s2009 newa grp 000 0 eng  a9788131305355c59500a248bMAN aMani, A aReligious Conversion Myths Reality aNew Delhi bA.P.H. Publishing Corporation c2009 a192p aincludes index and biblioraphy aConversation1 aMani, A bSRS cBK 001040708StackRoom-aHMIbHMId2010-01-05g595.00l1o248 MANp022962r2024-09-06s2024-09-03v595.00w2010-01-05yBK c14937d14937